[Event "WCO 2016"]
[Site "?"]
[Date "2016.09.09"]
[Round "7"]
[Board "15"]
[WhiteID "12401676"]
[White "Nguyen Thi Mai Hung"]
[BlackID "6302599"]
[Black "Ozturk Kubra"]
[Result "1/2-1/2"]
[BlackElo "2277"]
[WhiteElo "2316"]
[LiveChessVersion "1.4.8"]

1. d4 {[%clk 1:30:55]} Nf6 {[%clk 1:30:51]} 2. Bg5 {[%clk 1:31:12]} c5
{[%clk 1:30:40]} 3. dxc5 {[%clk 1:25:57]} Ne4 {[%clk 1:25:19]} 4. Bh4
{[%clk 1:17:43]} Nxc5 {[%clk 1:21:21]} 5. a3 {[%clk 1:07:45]} Qb6
{[%clk 1:18:14]} 6. b4 {[%clk 1:06:11]} Ne4 {[%clk 1:17:06]} 7. Nf3
{[%clk 1:02:18]} a5 {[%clk 0:58:44]} 8. c3 {[%clk 0:58:21]} axb4 {[%clk 0:56:26]}
9. cxb4 {[%clk 0:58:39]} Nc6 {[%clk 0:30:00]} 10. Qd5 {[%clk 0:46:25]} Nxb4
{[%clk 0:24:14]} 11. Qxe4 {[%clk 0:45:08]} d5 {[%clk 0:22:52]} 12. Qxb4
{[%clk 0:34:54]} Qxb4+ {[%clk 0:23:17]} 13. axb4 {[%clk 0:35:17]} Rxa1
{[%clk 0:23:44]} 14. Nfd2 {[%clk 0:35:41]} e5 {[%clk 0:22:49]} 15. e3
{[%clk 0:34:46]} Bxb4 {[%clk 0:22:48]} 16. Bd3 {[%clk 0:34:06]} Ra2
{[%clk 0:19:20]} 17. f3 {[%clk 0:24:10]} O-O {[%clk 0:17:46]} 18. e4
{[%clk 0:20:56]} dxe4 {[%clk 0:15:58]} 19. fxe4 {[%clk 0:19:12]} h6
{[%clk 0:14:25]} 20. h3 {[%clk 0:17:27]} Be6 {[%clk 0:11:19]} 21. Ke2
{[%clk 0:17:18]} Rc8 {[%clk 0:08:57]} 22. Bf2 {[%clk 0:16:00]} g6
{[%clk 0:06:50]} 23. g4 {[%clk 0:10:04]} Bc4 {[%clk 0:05:20]} 24. Bxc4
{[%clk 0:09:55]} Rxc4 {[%clk 0:05:46]} 25. Kd3 {[%clk 0:09:39]} Rc8
{[%clk 0:05:29]} 26. Be3 {[%clk 0:09:39]} b5 {[%clk 0:04:19]} 27. Bxh6
{[%clk 0:09:10]} Rd8+ {[%clk 0:01:26]} 28. Ke2 {[%clk 0:09:28]} Rd4
{[%clk 0:01:32]} 29. Be3 {[%clk 0:09:09]} Bxd2 {[%clk 0:01:35]} 30. Nxd2
{[%clk 0:08:32]} Rxe4 {[%clk 0:01:24]} 31. Kf3 {[%clk 0:03:36]} Rb4
{[%clk 0:01:34]} 32. g5 {[%clk 0:03:30]} Kg7 {[%clk 0:01:30]} 33. Ne4
{[%clk 0:02:27]} Rb3 {[%clk 0:01:09]} 34. Nf6 {[%clk 0:01:51]} Raa3
{[%clk 0:01:12]} 35. Ng4 {[%clk 0:01:53]} b4 {[%clk 0:01:01]} 36. Ke4
{[%clk 0:02:11]} Rc3 {[%clk 0:01:09]} 37. Rb1 {[%clk 0:01:53]} Rc4+
{[%clk 0:01:17]} 38. Kxe5 {[%clk 0:00:40]} Rxg4 {[%clk 0:00:41]} 39. hxg4
{[%clk 0:01:09]} Rxe3+ {[%clk 0:01:05]} 40. Kf4 {[%clk 0:31:34]} Re2
{[%clk 0:31:10]} 41. Rxb4 {[%clk 0:31:55]} Re1 {[%clk 0:31:24]} 42. Rb7
{[%clk 0:31:54]} Kf8 {[%clk 0:31:02]} 43. Rb8+ {[%clk 0:31:59]} Ke7
{[%clk 0:31:23]} 44. Rb7+ {[%clk 0:32:21]} Ke6 {[%clk 0:31:45]} 45. Rb6+
{[%clk 0:29:23]} Kd5 {[%clk 0:32:06]} 46. Rb5+ {[%clk 0:29:46]} Ke6
{[%clk 0:32:11]} 47. Rb6+ {[%clk 0:30:07]} Kd5 {[%clk 0:32:37]} 48. Rb5+
{[%clk 0:30:33]} 1/2-1/2

[Event "WCO 2016"]
[Site "?"]
[Date "2016.09.09"]
[Round "7"]
[Board "16"]
[WhiteID "6302661"]
[White "Topel Zehra"]
[BlackID "12400300"]
[Black "Nguyen Thi Thanh An"]
[Result "0-1"]
[BlackElo "2249"]
[WhiteElo "2156"]
[LiveChessVersion "1.4.8"]

1. d4 {[%clk 1:30:47]} g6 {[%clk 1:30:35]} 2. c4 {[%clk 1:30:10]} Bg7
{[%clk 1:30:58]} 3. e4 {[%clk 1:27:39]} d6 {[%clk 1:28:19]} 4. Nc3
{[%clk 1:26:52]} Nf6 {[%clk 1:27:39]} 5. f3 {[%clk 1:26:46]} O-O {[%clk 1:28:02]}
6. Be3 {[%clk 1:27:09]} Nc6 {[%clk 1:28:26]} 7. Nge2 {[%clk 1:26:26]} a6
{[%clk 1:28:46]} 8. a4 {[%clk 1:26:07]} Nd7 {[%clk 1:24:10]} 9. Qd2
{[%clk 1:20:46]} Na5 {[%clk 1:19:47]} 10. Nc1 {[%clk 1:19:03]} c5
{[%clk 1:19:23]} 11. d5 {[%clk 1:02:58]} Ne5 {[%clk 1:17:49]} 12. b3
{[%clk 1:01:11]} e6 {[%clk 1:12:35]} 13. Rb1 {[%clk 0:58:18]} exd5
{[%clk 1:11:48]} 14. cxd5 {[%clk 0:56:26]} f5 {[%clk 1:04:34]} 15. Bg5
{[%clk 0:48:10]} Nxf3+ {[%clk 0:45:03]} 16. gxf3 {[%clk 0:48:30]} Bxc3
{[%clk 0:45:28]} 17. Bxd8 {[%clk 0:36:48]} Bxd2+ {[%clk 0:45:46]} 18. Kxd2
{[%clk 0:37:14]} Rxd8 {[%clk 0:46:11]} 19. b4 {[%clk 0:37:18]} cxb4
{[%clk 0:46:12]} 20. Rxb4 {[%clk 0:37:33]} fxe4 {[%clk 0:41:56]} 21. fxe4
{[%clk 0:34:37]} Bd7 {[%clk 0:41:41]} 22. h4 {[%clk 0:33:44]} b5 {[%clk 0:39:28]}
23. axb5 {[%clk 0:32:27]} axb5 {[%clk 0:39:49]} 24. h5 {[%clk 0:32:27]} Re8
{[%clk 0:32:46]} 25. hxg6 {[%clk 0:31:41]} hxg6 {[%clk 0:33:11]} 26. Rg1
{[%clk 0:30:27]} Kg7 {[%clk 0:28:21]} 27. Bd3 {[%clk 0:26:28]} Re5
{[%clk 0:25:18]} 28. Ne2 {[%clk 0:23:55]} Nb7 {[%clk 0:19:46]} 29. Nc3
{[%clk 0:13:37]} Nc5 {[%clk 0:19:11]} 30. Re1 {[%clk 0:09:24]} Rh8
{[%clk 0:13:58]} 31. Re2 {[%clk 0:05:58]} Rh4 {[%clk 0:09:52]} 32. Kc2
{[%clk 0:03:24]} Bg4 {[%clk 0:08:24]} 33. Rf2 {[%clk 0:03:12]} Rh3
{[%clk 0:08:00]} 34. Bxb5 {[%clk 0:02:24]} Rxc3+ {[%clk 0:07:39]} 35. Kxc3
{[%clk 0:02:50]} Nxe4+ {[%clk 0:08:03]} 36. Rxe4 {[%clk 0:03:14]} Rxe4
{[%clk 0:08:30]} 37. Bd3 {[%clk 0:02:39]} Re5 {[%clk 0:08:06]} 38. Kd4
{[%clk 0:02:40]} Bf5 {[%clk 0:07:27]} 39. Ba6 {[%clk 0:01:49]} g5
{[%clk 0:05:26]} 40. Rb2 {[%clk 0:31:08]} Re4+ {[%clk 0:34:35]} 41. Kc3
{[%clk 0:30:58]} Kf6 {[%clk 0:34:06]} 42. Rb8 {[%clk 0:20:38]} Rf4
{[%clk 0:29:20]} 43. Rd8 {[%clk 0:16:46]} Ke5 {[%clk 0:27:33]} 44. Bc4
{[%clk 0:15:39]} Rf3+ {[%clk 0:27:07]} 45. Kd2 {[%clk 0:15:57]} g4
{[%clk 0:24:38]} 46. Ke1 {[%clk 0:14:30]} Rc3 {[%clk 0:23:23]} 47. Re8+
{[%clk 0:11:50]} Kd4 {[%clk 0:22:04]} 48. Bf1 {[%clk 0:10:42]} Re3+
{[%clk 0:21:14]} 49. Rxe3 {[%clk 0:10:22]} Kxe3 {[%clk 0:21:39]} 50. Bb5
{[%clk 0:10:47]} Bd3 {[%clk 0:20:37]} 0-1

[Event "WCO 2016"]
[Site "?"]
[Date "2016.09.09"]
[Round "7"]
[Board "17"]
[WhiteID "4404564"]
[White "Rodriguez Rueda Paula Andrea"]
[BlackID "4500512"]
[Black "Narva Mai"]
[Result "1-0"]
[BlackElo "2238"]
[WhiteElo "2326"]
[LiveChessVersion "1.4.8"]

1. d4 {[%clk 1:30:57]} Nf6 {[%clk 1:30:48]} 2. c4 {[%clk 1:31:20]} e6
{[%clk 1:31:08]} 3. Nc3 {[%clk 1:31:43]} d5 {[%clk 1:31:22]} 4. Nf3
{[%clk 1:31:41]} Be7 {[%clk 1:31:24]} 5. Bg5 {[%clk 1:32:06]} O-O
{[%clk 1:31:25]} 6. e3 {[%clk 1:32:33]} h6 {[%clk 1:31:35]} 7. Bh4
{[%clk 1:32:58]} b6 {[%clk 1:31:44]} 8. Qb3 {[%clk 1:33:20]} c6 {[%clk 1:25:42]}
9. Be2 {[%clk 1:29:16]} Nbd7 {[%clk 1:24:37]} 10. O-O {[%clk 1:29:24]} Ne4
{[%clk 1:07:56]} 11. Bxe7 {[%clk 1:29:02]} Qxe7 {[%clk 1:08:16]} 12. Nxe4
{[%clk 1:28:55]} dxe4 {[%clk 1:08:37]} 13. Nd2 {[%clk 1:29:20]} e5
{[%clk 1:05:30]} 14. Rad1 {[%clk 1:27:15]} Nf6 {[%clk 0:58:49]} 15. Rfe1
{[%clk 1:26:45]} Rd8 {[%clk 0:54:47]} 16. Nf1 {[%clk 1:26:57]} Bf5
{[%clk 0:50:30]} 17. Qa4 {[%clk 1:26:10]} Rd6 {[%clk 0:36:53]} 18. Qa3
{[%clk 1:17:43]} exd4 {[%clk 0:25:36]} 19. exd4 {[%clk 1:16:37]} Qd7
{[%clk 0:25:00]} 20. Ng3 {[%clk 1:15:32]} Bg6 {[%clk 0:23:46]} 21. c5
{[%clk 1:14:56]} Rxd4 {[%clk 0:17:24]} 22. cxb6 {[%clk 1:15:20]} Rd5
{[%clk 0:17:06]} 23. Qa6 {[%clk 1:11:02]} Rb8 {[%clk 0:14:50]} 24. Qxa7
{[%clk 1:03:40]} Qxa7 {[%clk 0:14:45]} 25. bxa7 {[%clk 1:04:08]} Ra8
{[%clk 0:14:52]} 26. Rc1 {[%clk 1:04:22]} Rxa7 {[%clk 0:11:05]} 27. Rxc6
{[%clk 1:04:42]} Rd2 {[%clk 0:11:17]} 28. h4 {[%clk 1:04:02]} h5 {[%clk 0:07:22]}
29. Bc4 {[%clk 1:03:18]} Rxb2 {[%clk 0:07:11]} 30. Rc8+ {[%clk 1:03:14]} Kh7
{[%clk 0:07:32]} 31. Rd1 {[%clk 1:03:29]} Rd7 {[%clk 0:06:08]} 32. Rxd7
{[%clk 0:57:57]} Nxd7 {[%clk 0:06:31]} 33. Re8 {[%clk 0:57:48]} Nf6
{[%clk 0:02:54]} 34. a4 {[%clk 0:56:12]} Rc2 {[%clk 0:01:02]} 35. Rc8
{[%clk 0:55:50]} Rc1+ {[%clk 0:01:00]} 36. Nf1 {[%clk 0:56:01]} Bf5
{[%clk 0:01:10]} 37. Be6 {[%clk 0:54:00]} Rxf1+ 38. Kxf1 {[%clk 0:54:28]} Bxe6
{[%clk 0:01:46]} 39. Rc5 {[%clk 0:52:41]} Nd5 {[%clk 0:00:53]} 40. a5
{[%clk 1:22:46]} Nb4 {[%clk 0:30:45]} 41. Rxh5+ {[%clk 1:20:24]} Kg6
{[%clk 0:30:34]} 42. Rg5+ {[%clk 1:19:47]} Kf6 {[%clk 0:29:52]} 43. Ke1
{[%clk 1:19:01]} g6 {[%clk 0:11:14]} 44. Rb5 {[%clk 1:17:18]} Nc2+
{[%clk 0:10:53]} 45. Kd2 {[%clk 1:12:33]} Nd4 {[%clk 0:10:32]} 46. Rg5
{[%clk 1:12:55]} Nc6 {[%clk 0:07:50]} 47. a6 {[%clk 1:10:08]} Ke7
{[%clk 0:05:52]} 48. g4 {[%clk 1:10:13]} Bc8 {[%clk 0:00:42]} 49. Rb5
{[%clk 1:05:41]} Kd6 {[%clk 0:00:34]} 50. h5 {[%clk 1:03:58]} gxh5
{[%clk 0:00:36]} 51. gxh5 {[%clk 1:04:20]} Bxa6 {[%clk 0:00:38]} 52. h6
{[%clk 0:59:15]} Bxb5 {[%clk 0:00:42]} 53. h7 {[%clk 0:59:44]} Bc4
{[%clk 0:00:34]} 54. h8=Q {[%clk 1:00:05]} Bd5 {[%clk 0:00:41]} 55. Ke3
{[%clk 0:59:45]} Ke6 {[%clk 0:00:33]} 56. Kf4 {[%clk 0:59:31]} Kd6
{[%clk 0:00:51]} 57. Qh7 {[%clk 0:58:39]} Ke6 {[%clk 0:00:36]} 58. Kg5
{[%clk 0:57:38]} Kd6 {[%clk 0:00:34]} 59. Kf6 {[%clk 0:57:55]} Kc5
{[%clk 0:00:36]} 60. Qh8 {[%clk 0:56:23]} Kc4 {[%clk 0:00:35]} 61. Qf8
{[%clk 0:55:41]} Kd4 {[%clk 0:00:36]} 62. Qd6 {[%clk 0:54:38]} Kc4
{[%clk 0:00:44]} 63. Kf5 {[%clk 0:54:35]} Kd4 {[%clk 0:00:35]} 64. Kf4
{[%clk 0:54:59]} Kc4 {[%clk 0:00:42]} 65. Ke3 {[%clk 0:55:28]} Nb4
{[%clk 0:00:48]} 66. Qc7+ {[%clk 0:52:44]} Nc6 {[%clk 0:00:43]} 67. Qb6
{[%clk 0:52:55]} Nb4 {[%clk 0:00:46]} 68. Qd4+ {[%clk 0:52:35]} Kb5
{[%clk 0:00:36]} 69. Kd2 {[%clk 0:52:37]} Bc6 {[%clk 0:00:37]} 70. Kc3
{[%clk 0:52:16]} Na2+ {[%clk 0:00:45]} 71. Kb3 {[%clk 0:52:01]} Nc1+
{[%clk 0:00:51]} 72. Kb2 {[%clk 0:52:17]} Nd3+ {[%clk 0:00:57]} 73. Kc3
{[%clk 0:52:45]} f5 {[%clk 0:00:43]} 74. f3 {[%clk 0:52:02]} Nf4 {[%clk 0:00:32]}
75. Qb4+ {[%clk 0:47:43]} Ka6 {[%clk 0:00:56]} 76. Qd6 {[%clk 0:47:44]} Nd5+
{[%clk 0:00:59]} 77. Kd4 {[%clk 0:48:06]} Kb7 {[%clk 0:00:52]} 78. Kc5
{[%clk 0:47:44]} Nb4 {[%clk 0:00:53]} 79. Kxb4 {[%clk 0:46:17]} exf3
{[%clk 0:01:13]} 80. Kc5 {[%clk 0:46:40]} 1-0

[Event "WCO 2016"]
[Site "?"]
[Date "2016.09.09"]
[Round "7"]
[Board "18"]
[WhiteID "4500199"]
[White "Tsiganova Monika"]
[BlackID "4402618"]
[Black "Franco Valencia Beatriz Irene"]
[Result "1-0"]
[BlackElo "2183"]
[WhiteElo "2095"]
[LiveChessVersion "1.4.8"]

1. d4 {[%clk 1:30:55]} g6 {[%clk 1:30:54]} 2. c4 {[%clk 1:30:26]} Bg7
{[%clk 1:31:20]} 3. Nf3 {[%clk 1:30:45]} d6 {[%clk 1:31:37]} 4. Nc3
{[%clk 1:30:02]} Nd7 {[%clk 1:31:47]} 5. e4 {[%clk 1:25:22]} e5 {[%clk 1:31:53]}
6. Bg5 {[%clk 1:22:32]} f6 {[%clk 1:22:40]} 7. Be3 {[%clk 1:22:21]} Ne7
{[%clk 1:21:24]} 8. Be2 {[%clk 1:10:00]} O-O {[%clk 1:19:57]} 9. O-O
{[%clk 1:09:41]} exd4 {[%clk 1:17:57]} 10. Nxd4 {[%clk 1:09:49]} Nc5
{[%clk 1:17:58]} 11. Qd2 {[%clk 1:03:51]} Ne6 {[%clk 1:12:09]} 12. Rad1
{[%clk 0:58:27]} Nxd4 {[%clk 1:06:45]} 13. Bxd4 {[%clk 0:57:50]} Nc6
{[%clk 1:07:11]} 14. Be3 {[%clk 0:57:53]} Be6 {[%clk 1:02:15]} 15. Nd5
{[%clk 0:55:14]} Qd7 {[%clk 0:54:19]} 16. c5 {[%clk 0:47:10]} Rfd8
{[%clk 0:35:16]} 17. cxd6 {[%clk 0:44:35]} cxd6 {[%clk 0:35:38]} 18. b4
{[%clk 0:37:59]} Qf7 {[%clk 0:28:57]} 19. Bc4 {[%clk 0:29:19]} Kh8
{[%clk 0:24:14]} 20. Bb3 {[%clk 0:28:18]} b6 {[%clk 0:22:24]} 21. Rc1
{[%clk 0:27:25]} Rac8 {[%clk 0:21:55]} 22. Rc2 {[%clk 0:22:42]} Ne7
{[%clk 0:13:54]} 23. Rfc1 {[%clk 0:18:15]} Rxc2 {[%clk 0:14:16]} 24. Rxc2
{[%clk 0:18:27]} Nxd5 {[%clk 0:11:37]} 25. exd5 {[%clk 0:18:47]} Bf5
{[%clk 0:10:50]} 26. Rc6 {[%clk 0:19:02]} h5 {[%clk 0:08:21]} 27. h3
{[%clk 0:18:53]} g5 {[%clk 0:07:14]} 28. Qc1 {[%clk 0:17:42]} Rd7
{[%clk 0:06:13]} 29. Rc8+ {[%clk 0:13:04]} Kh7 {[%clk 0:06:40]} 30. Qc6
{[%clk 0:10:40]} Qe7 {[%clk 0:04:56]} 31. Bc2 {[%clk 0:10:15]} Bg6
{[%clk 0:04:33]} 32. g4 {[%clk 0:08:10]} h4 {[%clk 0:03:17]} 33. Ba4
{[%clk 0:05:19]} Rb7 {[%clk 0:02:10]} 34. Qc1 {[%clk 0:05:31]} b5
{[%clk 0:01:23]} 35. Bc2 {[%clk 0:04:26]} Qd7 {[%clk 0:00:56]} 36. Rc6
{[%clk 0:04:18]} Qe7 {[%clk 0:00:57]} 37. Qb1 {[%clk 0:02:14]} Bxc2
{[%clk 0:01:19]} 38. Qxc2+ {[%clk 0:02:38]} Kh6 {[%clk 0:01:46]} 39. Qd3
{[%clk 0:02:47]} Qe5 {[%clk 0:01:31]} 40. Ra6 {[%clk 0:32:31]} Qe7
{[%clk 0:30:56]} 41. Kg2 {[%clk 0:31:37]} Bf8 {[%clk 0:24:57]} 42. Bd4
{[%clk 0:30:39]} Bg7 {[%clk 0:19:55]} 43. Qe3 {[%clk 0:26:36]} Bf8
{[%clk 0:12:51]} 44. Qe6 {[%clk 0:20:32]} Qxe6 {[%clk 0:09:18]} 45. dxe6
{[%clk 0:20:56]} Kg6 {[%clk 0:09:44]} 46. Bxa7 {[%clk 0:20:33]} f5
{[%clk 0:08:53]} 47. Bd4 {[%clk 0:20:44]} fxg4 {[%clk 0:06:45]} 48. hxg4
{[%clk 0:21:03]} Rb8 {[%clk 0:06:49]} 49. Ra7 {[%clk 0:21:14]} Re8
{[%clk 0:07:14]} 50. Rf7 {[%clk 0:20:10]} Be7 {[%clk 0:05:27]} 51. Rf5
{[%clk 0:18:13]} Bd8 {[%clk 0:05:25]} 52. Rxb5 {[%clk 0:18:21]} Rxe6
{[%clk 0:05:53]} 53. Rd5 {[%clk 0:17:13]} Kf7 {[%clk 0:04:01]} 54. b5
{[%clk 0:15:36]} Re4 {[%clk 0:03:36]} 55. Rxd6 {[%clk 0:12:57]} Bc7
{[%clk 0:01:18]} 56. Rd7+ {[%clk 0:12:44]} Ke6 {[%clk 0:01:41]} 57. Rxc7
{[%clk 0:12:47]} Rxg4+ {[%clk 0:02:08]} 58. Kh3 {[%clk 0:11:21]} Rxd4
{[%clk 0:02:34]} 59. Rg7 {[%clk 0:10:35]} Kf6 {[%clk 0:01:47]} 60. Ra7
{[%clk 0:10:32]} Rd3+ {[%clk 0:01:27]} 61. Kh2 {[%clk 0:10:19]} Rd2
{[%clk 0:01:25]} 62. Kg1 {[%clk 0:10:27]} Kf5 {[%clk 0:01:00]} 63. a4
{[%clk 0:10:52]} Kg4 {[%clk 0:00:43]} 64. b6 {[%clk 0:09:22]} Rb2
{[%clk 0:00:59]} 65. a5 {[%clk 0:09:38]} Kh3 {[%clk 0:00:49]} 66. Kf1
{[%clk 0:10:03]} Kg4 {[%clk 0:01:13]} 67. Rh7 {[%clk 0:09:32]} Kf3
{[%clk 0:00:44]} 68. Rf7+ {[%clk 0:09:51]} Ke4 {[%clk 0:00:38]} 69. Kg2
{[%clk 0:09:24]} g4 {[%clk 0:00:45]} 70. b7 {[%clk 0:08:36]} g3 {[%clk 0:00:43]}
71. a6 {[%clk 0:08:50]} gxf2 {[%clk 0:00:41]} 72. Rxf2 {[%clk 0:08:07]} h3+
{[%clk 0:01:01]} 73. Kg3 {[%clk 0:07:34]} h2 {[%clk 0:00:38]} 74. Rxh2
{[%clk 0:07:55]} Rb3+ {[%clk 0:01:04]} 75. Kg4 {[%clk 0:08:14]} 1-0

[Event "WCO 2016"]
[Site "?"]
[Date "2016.09.09"]
[Round "7"]
[Board "19"]
[WhiteID "4403061"]
[White "Chirivi C Jenny Astrid"]
[BlackID "4503082"]
[Black "Olde Margareth"]
[Result "1/2-1/2"]
[BlackElo "2003"]
[WhiteElo "2209"]
[LiveChessVersion "1.4.8"]

1. d4 {[%clk 1:30:56]} f5 {[%clk 1:30:53]} 2. g3 {[%clk 1:31:08]} Nf6
{[%clk 1:31:14]} 3. Bg2 {[%clk 1:31:23]} g6 {[%clk 1:31:23]} 4. Nh3
{[%clk 1:31:33]} Bg7 {[%clk 1:31:42]} 5. c4 {[%clk 1:30:43]} d6 {[%clk 1:30:42]}
6. d5 {[%clk 1:30:27]} c6 {[%clk 1:29:53]} 7. Nc3 {[%clk 1:27:58]} O-O
{[%clk 1:28:38]} 8. Nf4 {[%clk 1:26:43]} e5 {[%clk 1:27:05]} 9. dxe6
{[%clk 1:23:14]} Na6 {[%clk 1:26:32]} 10. h4 {[%clk 1:20:25]} Ng4
{[%clk 1:04:01]} 11. e4 {[%clk 1:06:18]} Nc5 {[%clk 0:50:37]} 12. exf5
{[%clk 0:57:19]} gxf5 {[%clk 0:50:40]} 13. O-O {[%clk 0:53:42]} Nxe6
{[%clk 0:49:02]} 14. Nce2 {[%clk 0:53:55]} Ne5 {[%clk 0:39:33]} 15. Qc2
{[%clk 0:46:26]} Qe7 {[%clk 0:37:35]} 16. Rb1 {[%clk 0:41:37]} Bd7
{[%clk 0:34:40]} 17. b3 {[%clk 0:41:19]} Rad8 {[%clk 0:33:17]} 18. Ba3
{[%clk 0:39:10]} Bc8 {[%clk 0:30:39]} 19. Rbd1 {[%clk 0:38:39]} Nc5
{[%clk 0:28:21]} 20. Nd4 {[%clk 0:28:11]} Bh6 {[%clk 0:26:25]} 21. Rfe1
{[%clk 0:21:16]} Qf6 {[%clk 0:22:22]} 22. Bb2 {[%clk 0:16:48]} Qf7
{[%clk 0:20:41]} 23. Bc1 {[%clk 0:12:19]} Bg7 {[%clk 0:17:42]} 24. Nh3
{[%clk 0:09:45]} h6 {[%clk 0:16:59]} 25. Nf4 {[%clk 0:09:46]} Rfe8
{[%clk 0:15:58]} 26. Bb2 {[%clk 0:06:26]} Ng4 {[%clk 0:14:07]} 27. Bf3
{[%clk 0:06:29]} Rxe1+ {[%clk 0:12:33]} 28. Rxe1 {[%clk 0:06:53]} Re8
{[%clk 0:11:53]} 29. Rxe8+ {[%clk 0:04:43]} Qxe8 {[%clk 0:12:22]} 30. Kg2
{[%clk 0:02:27]} Ne4 {[%clk 0:10:40]} 31. Bxg4 {[%clk 0:02:07]} fxg4
{[%clk 0:11:08]} 32. Nde2 {[%clk 0:01:50]} Bf5 {[%clk 0:07:23]} 33. Qc1
{[%clk 0:01:34]} Nc5 {[%clk 0:04:30]} 34. Bxg7 {[%clk 0:01:46]} Qe4+
{[%clk 0:04:33]} 35. Kg1 {[%clk 0:01:00]} Kxg7 {[%clk 0:04:57]} 36. Qc3+
{[%clk 0:00:52]} Kf7 {[%clk 0:02:39]} 37. Nh5 {[%clk 0:00:44]} Qe5
{[%clk 0:02:20]} 38. Nhf4 {[%clk 0:01:07]} Qe4 {[%clk 0:01:59]} 39. Nh5
{[%clk 0:00:44]} Qe5 {[%clk 0:02:23]} 40. Nhf4 {[%clk 0:30:42]} Qe4
{[%clk 0:30:44]} 41. Nh5 {[%clk 0:19:02]} Qe5 {[%clk 0:25:29]} 42. Nhf4
{[%clk 0:16:07]} Qe4 {[%clk 0:18:00]} 1/2-1/2

[Event "WCO 2016"]
[Site "?"]
[Date "2016.09.09"]
[Round "7"]
[Board "20"]
[WhiteID "4502680"]
[White "Narva Triin"]
[BlackID "4402413"]
[Black "Castrillon Gomez Melissa"]
[Result "1/2-1/2"]
[BlackElo "2194"]
[WhiteElo "2023"]
[LiveChessVersion "1.4.8"]

1. e4 {[%clk 1:30:58]} c5 {[%clk 1:30:47]} 2. Nf3 {[%clk 1:31:21]} Nc6
{[%clk 1:30:59]} 3. Bb5 {[%clk 1:31:38]} d6 {[%clk 1:31:17]} 4. O-O
{[%clk 1:31:48]} Bd7 {[%clk 1:31:36]} 5. Re1 {[%clk 1:31:49]} Nf6
{[%clk 1:31:52]} 6. d4 {[%clk 1:20:01]} cxd4 {[%clk 1:27:15]} 7. Nxd4
{[%clk 1:05:43]} e5 {[%clk 1:24:54]} 8. Nf3 {[%clk 1:00:46]} Be7 {[%clk 1:19:27]}
9. c4 {[%clk 1:00:11]} O-O {[%clk 1:17:43]} 10. Nc3 {[%clk 0:57:14]} a6
{[%clk 1:12:49]} 11. Bxc6 {[%clk 0:51:48]} Bxc6 {[%clk 1:12:43]} 12. Bg5
{[%clk 0:40:31]} Nd7 {[%clk 0:45:33]} 13. Be3 {[%clk 0:29:06]} f5
{[%clk 0:43:24]} 14. exf5 {[%clk 0:28:17]} Rxf5 {[%clk 0:43:36]} 15. Nd5
{[%clk 0:26:55]} Kh8 {[%clk 0:40:04]} 16. Qc2 {[%clk 0:23:59]} Rf8
{[%clk 0:29:48]} 17. Rad1 {[%clk 0:23:44]} Rc8 {[%clk 0:27:45]} 18. b3
{[%clk 0:16:43]} Qe8 {[%clk 0:19:47]} 19. Bg5 {[%clk 0:10:07]} Nf6
{[%clk 0:11:35]} 20. Bxf6 {[%clk 0:05:21]} Bxf6 {[%clk 0:10:23]} 21. Qd3
{[%clk 0:02:05]} Qh5 {[%clk 0:09:08]} 22. Nd2 {[%clk 0:00:53]} Rcd8
{[%clk 0:02:03]} 23. Ne4 {[%clk 0:01:07]} Bh4 {[%clk 0:00:49]} 24. Re3
{[%clk 0:00:38]} Bd7 {[%clk 0:00:51]} 25. Ng3 {[%clk 0:00:37]} Bxg3
{[%clk 0:01:03]} 26. Rxg3 {[%clk 0:00:41]} Bf5 {[%clk 0:01:17]} 27. Qd2
{[%clk 0:00:40]} Be6 {[%clk 0:00:44]} 28. Re1 {[%clk 0:00:38]} Qf7
{[%clk 0:00:38]} 29. Rf3 {[%clk 0:00:32]} Qd7 {[%clk 0:00:51]} 30. Rg3
{[%clk 0:00:35]} Bxd5 {[%clk 0:00:44]} 31. Qxd5 {[%clk 0:00:52]} Rf4
{[%clk 0:01:01]} 32. Rd1 {[%clk 0:00:39]} Rf6 {[%clk 0:00:46]} 33. a4
{[%clk 0:00:32]} b6 {[%clk 0:00:35]} 34. Re3 {[%clk 0:00:34]} Qf5
{[%clk 0:00:41]} 35. Rf3 {[%clk 0:00:48]} Qg5 {[%clk 0:00:46]} 36. Rg3
{[%clk 0:00:58]} Qf5 {[%clk 0:00:37]} 37. Rf3 {[%clk 0:01:08]} Qc2
{[%clk 0:00:34]} 38. Rxf6 {[%clk 0:00:46]} gxf6 {[%clk 0:01:03]} 39. Qd3
{[%clk 0:01:06]} Qxd3 {[%clk 0:00:42]} 40. Rxd3 {[%clk 0:31:35]} Kg7
{[%clk 0:31:00]} 41. f4 {[%clk 0:23:35]} Kg6 {[%clk 0:22:05]} 42. g4
{[%clk 0:13:37]} h5 {[%clk 0:14:11]} 43. h3 {[%clk 0:10:46]} hxg4
{[%clk 0:14:04]} 44. hxg4 {[%clk 0:11:11]} Kf7 {[%clk 0:13:42]} 45. Kf2
{[%clk 0:10:20]} Ke7 {[%clk 0:13:16]} 46. Kf3 {[%clk 0:06:06]} Rg8
{[%clk 0:12:05]} 47. Re3 {[%clk 0:03:10]} Ke6 {[%clk 0:11:50]} 48. f5+
{[%clk 0:02:32]} Kd7 {[%clk 0:11:44]} 49. Re2 {[%clk 0:02:28]} b5
{[%clk 0:10:58]} 50. Rh2 {[%clk 0:01:11]} bxc4 {[%clk 0:05:58]} 51. bxc4
{[%clk 0:01:33]} Kc6 {[%clk 0:02:55]} 52. Rh7 {[%clk 0:00:46]} Rf8
{[%clk 0:01:15]} 53. Ke4 {[%clk 0:00:52]} Rg8 {[%clk 0:00:58]} 54. Kf3
{[%clk 0:01:13]} Rf8 {[%clk 0:01:08]} 55. Ke4 {[%clk 0:00:32]} a5
{[%clk 0:01:20]} 56. Ra7 {[%clk 0:00:39]} Kb6 {[%clk 0:01:20]} 57. Rg7
{[%clk 0:00:45]} Kc5 {[%clk 0:00:50]} 58. Rc7+ {[%clk 0:01:07]} Kb6
{[%clk 0:01:08]} 59. Rg7 {[%clk 0:01:16]} Kc6 {[%clk 0:00:53]} 60. Ra7
{[%clk 0:01:22]} Rg8 {[%clk 0:01:07]} 61. Kf3 {[%clk 0:01:30]} Kc5
{[%clk 0:00:42]} 62. Rc7+ {[%clk 0:01:08]} Kd4 {[%clk 0:00:53]} 63. Rd7
{[%clk 0:01:24]} Kc5 {[%clk 0:00:52]} 64. Rc7+ {[%clk 0:01:44]} Kd4
{[%clk 0:01:12]} 65. Rd7 {[%clk 0:02:08]} Kc5 {[%clk 0:01:24]} 66. Rc7+
{[%clk 0:00:45]} Kd4 {[%clk 0:01:41]} 1/2-1/2

[Event "WCO 2016"]
[Site "?"]
[Date "2016.09.09"]
[Round "7"]
[Board "17"]
[WhiteID "623725"]
[White "Milliet Sophie"]
[BlackID "3801934"]
[Black "Cori T. Deysi"]
[Result "1-0"]
[BlackElo "2402"]
[WhiteElo "2362"]
[LiveChessVersion "1.4.8"]

1. e4 {[%clk 1:30:57]} g6 {[%clk 1:30:36]} 2. d4 {[%clk 1:31:22]} Bg7
{[%clk 1:30:47]} 3. Nc3 {[%clk 1:31:46]} d6 {[%clk 1:29:47]} 4. f4
{[%clk 1:32:06]} a6 {[%clk 1:27:33]} 5. Nf3 {[%clk 1:32:29]} e6 {[%clk 1:24:56]}
6. Bd3 {[%clk 1:30:34]} Ne7 {[%clk 1:23:46]} 7. Be3 {[%clk 1:24:58]} b6
{[%clk 1:21:53]} 8. Qd2 {[%clk 1:23:54]} Bb7 {[%clk 1:20:05]} 9. O-O
{[%clk 1:18:11]} Nd7 {[%clk 1:12:41]} 10. f5 {[%clk 1:15:18]} exf5
{[%clk 1:09:21]} 11. exf5 {[%clk 1:15:28]} O-O {[%clk 1:07:54]} 12. fxg6
{[%clk 1:13:23]} hxg6 {[%clk 1:06:35]} 13. Bh6 {[%clk 1:12:08]} c5
{[%clk 1:04:00]} 14. Bxg7 {[%clk 1:10:11]} Kxg7 {[%clk 1:04:23]} 15. Ng5
{[%clk 1:01:45]} Nf6 {[%clk 0:52:25]} 16. Qf4 {[%clk 0:43:14]} Nc6
{[%clk 0:37:58]} 17. Nce4 {[%clk 0:35:53]} Nh5 {[%clk 0:29:01]} 18. Qh4
{[%clk 0:32:59]} Nxd4 {[%clk 0:27:32]} 19. Ng3 {[%clk 0:31:48]} Bf3
{[%clk 0:04:37]} 20. gxf3 {[%clk 0:24:28]} Rh8 {[%clk 0:03:59]} 21. Qg4
{[%clk 0:18:17]} Ra7 {[%clk 0:01:29]} 22. Nxf7 {[%clk 0:07:58]} Kxf7
{[%clk 0:01:54]} 23. Bxg6+ {[%clk 0:08:15]} Kg8 {[%clk 0:02:14]} 24. Nxh5
{[%clk 0:07:41]} Rh6 {[%clk 0:00:51]} 25. Rae1 {[%clk 0:06:43]} 1-0